00545cam a22001337a 4500008004000000082001500040245014500055260003700200300001100237700003800248700001900286999001900305952008700324180718b1960 xxu||||| |||| 00| 0 eng d aA2:VA2 In2 aA bibliography of Undology (enumerating basic publications on all aspects of Indian culture): Indian anthropologycCompiled by J.M. Kanitkar aCalcuttabNational Libraryc1960 a290+p. aIndia. National Library, Calcutta aKanitkar, J.M. c487414d487414 00104070aIIPAbIIPAd2018-08-04oA2:VA2 In2pGR2961r2018-08-04w2018-08-04yGR